| 000 | 00368nam a2200145Ia 4500 | ||
|---|---|---|---|
| 008 | 230917s9999||||xx |||||||||||||| ||und|| | ||
| 040 |
_e129521 _aMAIN |
||
| 041 | _aEnglish | ||
| 082 | _aB J334J | ||
| 100 | _aPrasad,Bimal ed. | ||
| 245 | 0 | _aJayaprakash Narayan: selected work | |
| 260 |
_aNew Delhi _bManohar publishers _c2009 |
||
| 300 | _a1012p. p. | ||
| 942 | _cBK | ||
| 999 |
_c149338 _d149338 |
||